Statistiques concernant 5 pays les plus touristiques dans chaque continent

Cliquez ici pour prendre le quiz!

Statistiques générales

  • Ce quiz a été pris 294 fois
  • Le résultat moyen est 24 sur 30

Statistiques - réponses

ContinentNombre de touristesPays% Correct
Europe82 600 000Espagne
100%
Europe89 400 000France
100%
Asie62 900 000Chine
97%
Asie31 192 000Japon
96%
Europe37 651 000Royaume-Uni
96%
Amérique du nord et centrale79 618 000États-Unis
95%
Amérique du nord et centrale45 024 453Mexique
95%
Amérique du sud6 705 000Argentine
94%
Océanie9 246 000Australie
94%
Amérique du nord et centrale22 141 939Canada
94%
Europe38 881 000Allemagne
93%
Amérique du sud6 621 000Brésil
93%
Océanie3 733 707Nouvelle-Zélande
92%
Afrique11 349 000Maroc
90%
Afrique8 157 000Égypte
87%
Asie24 551 000Russie
87%
Amérique du sud6 450 000Chili
86%
Amérique du sud4 027 000Colombie
86%
Amérique du sud4 419 000Pérou
86%
Afrique10 285 000Afrique du sud
84%
Afrique2 451 000Algérie
84%
Afrique7 052 000Tunisie
81%
Asie35 381 000Thaïlande
79%
Océanie842 884Fidji
69%
Europe45 628 673Turquie
67%
Océanie179 000Papouasie-Nouvelle-Guinée
57%
Amérique du nord et centrale6 187 542République Dominicaine
55%
Amérique du nord et centrale6 135 839Bahamas
52%
Asie25 948 000Malaisie
43%
Océanie161 362Îles Cook
4%

Distribution des résultats

Percentile par nombre de réponses

% des personnes avec chaque résultat

Votre développement - résultats

Vous n’avez pas pris ce quiz